|
|
|
|
| LEADER |
00000nam a22000007a 4500 |
| 003 |
Ucuenca |
| 005 |
20230308225448.0 |
| 008 |
171024b1965 sp ||||| |||| 00| 0 spa d |
| 040 |
|
|
|b spa
|
| 041 |
1 |
|
|a spa
|
| 082 |
0 |
|
|a 636.52
|
| 100 |
1 |
|
|9 212251
|a Feltwell, Ray
|
| 245 |
|
|
|a Producción de aves para carne sistema de Broiler
|c Ray Feltwell, Benito Moreno García traductor
|h imp
|
| 246 |
|
|
|a Broiler Farming
|
| 250 |
|
|
|a 2a ed.
|
| 264 |
|
|
|a Zaragoza
|b Acribia
|c 1965
|
| 300 |
|
|
|a 110 páginas:
|b ilu
|c 19.5 cm
|
| 505 |
1 |
|
|a El sistema de Broiler.-- La instalación para Broilers.-- Crianza y empleo de las criadoras o madres artificiales.-- Suministro del alimento y del agua de bebida.-- Cuidados generales y enfermedades.-- Cría de capones por el sistema Broiler.-- Patos, gansos y pavos de carne.
|
| 650 |
|
|
|9 212252
|a Sistema broiler
|
| 650 |
|
|
|9 13415
|a Aves
|
| 942 |
|
|
|c BK
|z esthela.durán@ucuenca.edu.ec
|0 1
|
| 999 |
|
|
|c 152742
|d 152742
|